| 000 | 00363 a2200157 4500 | ||
|---|---|---|---|
| 003 | OSt | ||
| 005 | 20260217104449.0 | ||
| 008 | 260217b |||||||| |||| 00| 0 eng d | ||
| 020 | _a 9789357460880 | ||
| 040 | _cSRHU | ||
| 100 | _aShapiro,A.C. & Others | ||
| 245 | _aInternational Financial Management | ||
| 250 | _a11th | ||
| 260 | _bwiley | ||
| 942 |
_2ddc _cMANG |
||
| 999 |
_c19341 _d19341 |
||